[Event "Olympiad Women 2024"]
[Site "Budapest HUN"]
[Date "2024.09.14"]
[Round "4.60"]
[Board "1"]
[White "Sawan, Eman"]
[Black "Jambo, Linda"]
[Result "1-0"]
[WhiteElo "1972"]
[BlackElo "1629"]
[PlyCount "47"]
[EventDate "2024.09.11"]
[WhiteTeam "Palestine"]
[BlackTeam "Malawi"]
[WhiteTeamCountry "PLE"]
[BlackTeamCountry "MWI"]

1. e4 e5 2. Nf3 Nc6 3. Bc4 Nf6 4. d4 exd4 5. e5 Ng4 6. O-O Be7 7. Re1 O-O 8. h3 Nh6 9. Bxh6 gxh6 10. Nxd4 Nxd4 11. Qxd4 d6 12. Nc3 $146 ({RR} 12. exd6 Bxd6 13. Nc3 Bh2+ {0-1 Reh,R (1650)-Fabritius,N (1321) GER-ch U25 Willingen 2005 (9)}) ({RR} 12. Bd3 dxe5 13. Qxe5 Bf6 14. Qe4 Re8 15. Qxe8+ Qxe8 16. Rxe8+ Kg7 17. Nc3 a6 18. Bf5 Bxf5 19. Rxa8 Bxc2 20. Ra7 Bd4 21. Rxb7 Bb6 22. Nd5 Bg6 23. Nxb6 cxb6 24. Rxb6 Bd3 25. Rd1 Be2 26. Rd7 Bb5 {1-0 Matsuura,E (2483)-Fu,J Dos Hermanas Internet qual-D 10th blitz 2009 (5)}) 12... dxe5 13. Qxe5 Bf6 14. Qg3+ Bg7 15. Rad1 Qg5 16. Qf3 Bxc3 17. Qxc3 Qg7 18. Qb3 b6 19. Re3 Kh8 20. Rg3 Qf6 21. Rf3 Qg6 22. Rxf7 Rxf7 23. Bxf7 Qf6 24. Rd8+ 1-0

[Event "Olympiad Women 2024"]
[Site "Budapest HUN"]
[Date "2024.09.14"]
[Round "4.60"]
[Board "2"]
[White "Namangale, Susan"]
[Black "Hamouri, Taqwa"]
[Result "0-1"]
[WhiteElo "1521"]
[BlackElo "1845"]
[PlyCount "82"]
[EventDate "2024.09.11"]
[WhiteTeam "Malawi"]
[BlackTeam "Palestine"]
[WhiteTeamCountry "MWI"]
[BlackTeamCountry "PLE"]

1. d4 Nf6 2. c4 g6 3. Nc3 Bg7 4. Nf3 d6 5. e4 Nbd7 6. Bd3 e5 7. dxe5 ({RR} 7. O-O c6 8. h3 O-O 9. Re1 Nh5 10. d5 Nf4 11. Bf1 c5 12. g3 Nh5 13. a3 a6 14. Rb1 Qe8 15. b4 h6 16. Nh4 f5 17. exf5 gxf5 18. Be2 Ndf6 19. bxc5 dxc5 20. Na4 Qf7 21. Nb6 Rb8 {1-0 Damljanovic,B (2551)-Mrdak,M (2061) Belgrade Trophy 23rd 2010 (1)}) ({RR} 7. d5 Nc5 8. Be2 Ncxe4 9. Nxe4 Nxe4 10. Bd3 Nc5 11. Bc2 O-O 12. O-O a5 13. Be3 b6 14. Qd2 Re8 15. a3 a4 16. b4 axb3 17. Bd3 e4 18. Bg5 Qd7 19. Rfe1 Nxd3 20. Re3 Bxa1 21. Nd4 Bxd4 {0-1 Chepka,A-Fire,B (1560) 32nd EY Girls U8 2024 (2.4)}) 7... dxe5 8. Qc2 $146 ({RR} 8. h3 Nc5 9. Bc2 O-O 10. O-O Nh5 11. Be3 Qd6 12. Qxd6 cxd6 13. Rad1 Rd8 14. Bxc5 Be6 15. Bxd6 Bxc4 16. Rfe1 Nf4 17. Bxe5 Bxe5 18. Nxe5 Be6 19. Rxd8+ Rxd8 20. Rd1 Re8 21. Nf3 Kg7 22. Ng5 Bc8 {1-0 Roberts,M-Constable,C Jersey op Minor 2005 (1)}) ({RR} 8. O-O O-O 9. b3 c6 10. Qe2 Re8 11. h3 Nh5 12. Bc2 Nf4 13. Qe3 Nf8 14. Bb2 N8e6 15. Rad1 Qe7 16. Ne2 Ng5 17. Rd2 Nfxh3+ 18. gxh3 Nxf3+ 19. Kg2 Nxd2 20. Qxd2 Qh4 21. Qc3 Rd8 22. f4 Qxh3+ {0-1 Kardos,E-Fuster,G HUN Team-ch 1939/40}) 8... c6 9. Be3 a5 10. Rd1 O-O 11. Na4 Qe7 12. O-O h6 13. c5 Nh5 14. Nb6 Rb8 15. Be2 Nf4 16. Bc4 Kh7 17. Bb3 Ne6 18. Bxe6 Nxb6 19. cxb6 Qxe6 20. Bc5 Re8 21. b4 axb4 22. Rd6 Qg4 23. h3 Qh5 24. Nh2 Be6 25. Qb1 Bf8 26. Rfd1 Bxd6 27. Rxd6 Rbd8 28. Bxb4 Rxd6 29. Bxd6 Rd8 30. Qd3 Qg5 31. Nf3 Qc1+ 32. Kh2 Qf4+ 33. g3 Rxd6 34. gxf4 Rxd3 35. Nxe5 Rd2 36. Kg3 Rxa2 37. Ng4 Bxg4 38. hxg4 c5 39. f5 c4 40. e5 c3 41. e6 fxe6 0-1

[Event "Olympiad Women 2024"]
[Site "Budapest HUN"]
[Date "2024.09.14"]
[Round "4.60"]
[Board "3"]
[White "Faqeeh, Yara"]
[Black "Msukwa, Tupokiwe"]
[Result "1-0"]
[WhiteElo "1671"]
[BlackElo "1674"]
[PlyCount "64"]
[EventDate "2024.09.11"]
[WhiteTeam "Palestine"]
[BlackTeam "Malawi"]
[WhiteTeamCountry "PLE"]
[BlackTeamCountry "MWI"]

1. d4 d5 2. Bf4 Nf6 3. Nf3 Bf5 4. e3 c5 5. c3 e6 ({RR} 5... Nc6 6. Bb5 Qb6 7. Qa4 e6 8. Ne5 Rc8 9. O-O Be7 10. dxc5 Bxc5 11. b4 Be7 12. Nd2 O-O 13. Bxc6 bxc6 14. Ndf3 Rfd8 15. Nd4 Rd6 16. c4 c5 17. Nb5 Rdd8 18. Qxa7 Qxa7 19. Nxa7 Ra8 20. Nac6 {1-0 Zentko,L (1749)-Pham,Q Slovakia Open 2024 (4.13)}) 6. Nbd2 Be7 7. Be2 Nc6 8. Ne5 $146 ({RR} 8. Qb3 Qb6 9. Qxb6 axb6 10. Nh4 Bg4 11. Ndf3 Ne4 12. h3 Bxh4 13. Nxh4 Bxe2 14. Kxe2 g5 15. f3 Nxc3+ 16. bxc3 gxf4 17. dxc5 bxc5 18. exf4 b5 19. a3 d4 20. cxd4 Nxd4+ 21. Kd3 Ra4 22. Ra2 Ke7 {1-0 Vicente Bessen,K (1733)-Lafuente Calvillo,A (1845) Llinars del Valles op-A 8th 2014 (7)}) ({RR} 8. O-O O-O 9. a4 Rc8 10. Qb3 Na5 11. Qd1 Qb6 12. Qc1 Nh5 13. Bg5 Bxg5 14. Nxg5 Nf6 15. Ngf3 cxd4 16. exd4 Ne4 17. Bd3 Nxd2 18. Nxd2 Bxd3 19. Re1 Nc4 20. Nxc4 Rxc4 21. Re3 Bg6 22. Rg3 Rfc8 {0-1 Avila,J-Peretti,L (2030) ARG-ch U12 Villa Carlos Paz 2004 (1)}) 8... Qb6 9. Qc1 h6 10. a4 c4 11. Bd1 O-O 12. b3 cxb3 13. Bxb3 Nxe5 14. Bxe5 Rac8 15. Qb2 Ne4 16. Nxe4 Bxe4 17. O-O Rc6 18. Rfc1 Rfc8 19. a5 Qb5 20. Ra2 Qd3 21. c4 Bg6 22. c5 b6 23. Ba4 Bxc5 24. Bxc6 Bxd4 25. Qxd4 Rxc6 26. Rd1 Qb3 27. Rb2 Qa3 28. axb6 axb6 29. Bxg7 Rc4 30. Qf6 Qd3 31. Ra1 Ra4 32. Rab1 Qc4 1-0

[Event "Olympiad Women 2024"]
[Site "Budapest HUN"]
[Date "2024.09.14"]
[Round "4.60"]
[Board "4"]
[White "Simwaba, Anne"]
[Black "Natsheh, Wajd"]
[Result "0-1"]
[WhiteElo "1596"]
[BlackElo "1739"]
[PlyCount "88"]
[EventDate "2024.09.11"]
[WhiteTeam "Malawi"]
[BlackTeam "Palestine"]
[WhiteTeamCountry "MWI"]
[BlackTeamCountry "PLE"]

1. Nf3 d5 2. d4 c6 3. g3 Bf5 4. Bg2 h6 5. O-O e6 6. Nbd2 Nf6 7. b3 a5 ({RR} 7... Nbd7 8. Bb2 a5 9. a4 Bb4 10. Ne5 O-O 11. Nxd7 Qxd7 12. c3 Bd6 13. Re1 b5 14. e4 dxe4 15. Nxe4 Nxe4 16. Bxe4 Bxe4 17. Rxe4 Rfd8 18. Qc2 Be7 19. Ree1 Qb7 20. axb5 cxb5 21. c4 Bf6 22. Red1 {0-1 Roesch,A (2350)-Van Wely,L (2655) Bundesliga 9798 1997 (11.2)}) ({RR} 7... Bb4 8. Bb2 O-O 9. a3 Be7 10. c4 Nbd7 11. Rc1 a5 12. Ne5 Nxe5 13. dxe5 Nd7 14. e4 dxe4 15. Bxe4 Nc5 16. Bxf5 exf5 17. Rc3 Bg5 18. Nf3 Qxd1 19. Rxd1 Rfd8 20. Rd6 Be7 21. Rxd8+ Rxd8 22. Re3 {0-1 Shapiro,D (2284)-Estrada Nieto,J (2204) Titled Tue 3rd Sep Late 2024 (9)}) 8. Bb2 a4 9. c4 $146 ({RR} 9. a3 axb3 10. cxb3 Nbd7 11. Ne5 Bd6 12. f3 O-O 13. e4 Bh7 14. Qe2 Qe7 15. a4 Bb4 16. Nxd7 Nxd7 17. Kh1 Ra6 18. Bh3 Rfa8 19. exd5 cxd5 20. Rac1 Rb6 21. Nb1 Bxb1 22. Rxb1 Ba3 23. Qd3 Bxb2 {0-1 Levieux,P (2049)-Simonenko,S (2431) Condom op 4th 2005 (5)}) 9... a3 10. Bc3 Na6 11. c5 Nc7 12. Rc1 Nb5 13. Ba1 Be7 14. Nb1 Ne4 15. Nc3 Nbxc3 16. Bxc3 O-O 17. b4 Re8 18. Ba1 b5 19. Nd2 Ra4 20. Nxe4 dxe4 21. Bc3 Qd5 22. Qd2 Bf6 23. e3 e5 24. dxe5 Qxd2 25. Bxd2 Bxe5 26. f3 Bb2 27. Rcd1 Be6 28. fxe4 Bxa2 29. Bc1 Rxb4 30. Rd2 Bc4 31. Rfd1 Bxc1 32. Rxc1 a2 33. Ra1 Rb1+ 34. Rd1 Rxd1+ 35. Rxd1 b4 36. e5 Rxe5 37. Bxc6 Rxc5 38. Be4 f5 39. Bc2 b3 40. Bxb3 Bxb3 41. Ra1 Rc2 42. h3 Rb2 43. Rxa2 Bxa2 44. Kf1 Kf7 0-1

[Event "Olympiad Women 2024"]
[Site "Budapest HUN"]
[Date "2024.09.14"]
[Round "4.61"]
[Board "1"]
[White "Spinola, Divania"]
[Black "Khan, Anastasia"]
[Result "0-1"]
[WhiteElo "1583"]
[BlackElo "1859"]
[PlyCount "32"]
[EventDate "2024.09.11"]
[WhiteTeam "Cape Verde"]
[BlackTeam "South Korea"]

1. e4 c5 2. Nf3 Nc6 3. d4 cxd4 4. Nxd4 Nf6 5. Nc3 e5 6. Nxc6 bxc6 7. Bd3 Bb4 8. Bd2 O-O 9. Na4 ({RR} 9. O-O) ({RR} 9. O-O d5 10. exd5 cxd5 11. a3 Be7 12. Re1 e4 13. Bb5 Be6 14. Rb1 Ng4 15. Be2 Ne5 16. Nb5 d4 17. Bf4 Nc6 18. Nc7 Bd6 19. Bxd6 Qxd6 20. Nxa8 Rxa8 21. Bb5 Bd5 22. c4 Be6 23. Bxc6 Qxc6 {1-0 Betancor Pernia,J-Garcia Piqueras,R Las Palmas Insular-chT Segunda 1718 2017 (8.4)}) 9... Bxd2+ $146 ({RR} 9... Be7 10. Bc3 Qc7 11. O-O d5 12. Qe2 Re8 13. b3 Bd6 14. Bd2 Bg4 15. f3 Bd7 16. c4 d4 17. c5 Bf8 18. Bg5 Nh5 19. Rac1 h6 20. Bd2 Be6 21. Nb2 Nf6 22. f4 exf4 23. Bxf4 Qd7 24. Bxh6 {1-0 Bahmann,J-Peter,W Darmstadt Weber Memorial op 1995}) 10. Qxd2 d5 11. exd5 cxd5 12. Be2 Ne4 13. Qe3 Qa5+ 14. Nc3 Bb7 15. f3 d4 16. Qd3 dxc3 0-1

[Event "Olympiad Women 2024"]
[Site "Budapest HUN"]
[Date "2024.09.14"]
[Round "4.61"]
[Board "3"]
[White "Almeida, Jacira Laura"]
[Black "Cho, Yeonhee"]
[Result "0-1"]
[WhiteElo "1616"]
[BlackElo "1696"]
[PlyCount "56"]
[EventDate "2024.09.11"]
[WhiteTeam "Cape Verde"]
[BlackTeam "South Korea"]

1. e4 e5 2. Nf3 Nc6 3. Bc4 Bc5 4. O-O Nf6 5. Nc3 d6 6. h3 O-O 7. d3 a6 8. a3 Be6 ({RR} 8... Ba7 9. Be3 Be6 10. Bxa7 Bxc4 11. dxc4 Rxa7 12. Re1 Nd7 13. Nd5 Ne7 14. Ne3 f5 15. exf5 Nxf5 16. Nxf5 Rxf5 17. b4 Qf6 18. Nh2 c6 19. Ng4 Qe6 20. Ne3 Rf6 21. Qg4 Qf7 22. Rad1 Ra8 23. Rd2 {0-1 Alvarado,C (2108)-Dubnevych,M (2293) Titled Tue 11th Jun Late 2024 (5)}) 9. Bxe6 fxe6 10. Re1 $146 ({RR} 10. b4 Bb6 11. Qe2 Ne7 12. Be3 Ng6 13. Bxb6 cxb6 14. Ng5 Qd7 15. Rad1 h6 16. Nf3 Rac8 17. Na2 b5 18. g3 Rc7 19. d4 Qc8 20. c3 Nh7 21. dxe5 Nxe5 22. Nxe5 dxe5 23. Rd3 Rc4 24. Kg2 Ng5 {½-½ Witzgall,H (1351)-Goetz,M (1664) Bayern-ch Seniors 09th 1997 (3)}) ({RR} 10. Be3 Ba7 11. Ne2 d5 12. exd5 exd5 13. Ng3 Bxe3 14. fxe3 Qd7 15. Qd2 Rad8 16. Qc3 Qe8 17. Qb3 b5 18. Rad1 Kh8 19. Qc3 h6 20. Rf2 e4 21. dxe4 Nxe4 22. Nxe4 dxe4 23. Rxd8 Nxd8 24. Nd2 Rxf2 {1-0 Polak,P (1764)-Drahos,M (1739) SVK-chT4 A22 1617 2016 (8.6)}) 10... Qe8 11. Be3 Nd4 12. Na4 Qxa4 13. Nxd4 exd4 14. Bg5 Qe8 15. Bxf6 Rxf6 16. e5 dxe5 17. Rxe5 Bd6 18. Re4 Qf7 19. Qe2 Rf8 20. f3 h5 21. b4 Qg6 22. Kf1 Qg3 23. Rxe6 Rxf3+ 24. gxf3 Rxf3+ 25. Qxf3 Qxf3+ 26. Ke1 Bg3+ 27. Kd2 Bf4+ 28. Ke1 Be3 0-1

[Event "Olympiad Women 2024"]
[Site "Budapest HUN"]
[Date "2024.09.14"]
[Round "4.61"]
[Board "4"]
[White "Kim, Sarang"]
[Black "Moreno, Akiane"]
[Result "1-0"]
[WhiteElo "1732"]
[BlackElo "1547"]
[PlyCount "55"]
[EventDate "2024.09.11"]
[WhiteTeam "South Korea"]
[BlackTeam "Cape Verde"]

1. e4 e5 2. Nf3 Nc6 3. d4 exd4 4. Bc4 Bc5 5. c3 dxc3 6. Bxf7+ Kxf7 7. Qd5+ Ke8 8. Qh5+ g6 9. Qxc5 cxb2 ({RR} 9... d6 10. Qxc3 Qf6 11. Bg5 Qxc3+ 12. Nxc3 Bg4 13. Nd2 h6 14. Bh4 g5 15. Bg3 Nf6 16. a3 Kd7 17. f3 Be6 18. O-O-O Nh5 19. Nf1 Raf8 20. Ne3 Nf4 21. Bxf4 gxf4 22. Ned5 Ne5 23. Ne2 Ng6 24. Rhf1 {0-1 Tiwari,A (2318)-Najdoski,T (2548) Goodricke op 11th 2000 (11)}) 10. Bxb2 Qe7 $146 ({RR} 10... Nf6 11. O-O d6 12. Qc3 Rf8 13. Re1 Ng4 14. e5 Ngxe5 15. Na3 Be6 16. Qe3 Rf5 17. Nxe5 dxe5 18. f4 Qh4 19. Nb5 Rc8 20. Rac1 Qxf4 21. Qxf4 Rxf4 22. Nxc7+ Rxc7 23. Bxe5 Nxe5 24. Rxc7 Kd8 25. Rxb7 {1-0 Genzling,A (1970)-Billy,R (1710) FRA-chT 0102 U18 2001 (11.4)}) ({RR} 10... Nf6 11. e5 d6 12. exd6 cxd6 13. Qe3+ Qe7 14. Bxf6 Qxe3+ 15. fxe3 Rf8 16. Bb2 Nb4 17. Kd2 Bf5 18. Nc3 Kd7 19. e4 Bg4 20. Rhf1 a5 21. a3 Nc6 22. h3 Bxf3 23. Rxf3 Rxf3 24. gxf3 Nd4 25. Rf1 {1-0 Recica,J (1641)-Lamprianou,D 24th ch-EUR Indiv w 2024 (9.83)}) ({RR} 10... d6 11. Qg5 Qxg5 12. Nxg5 Ne5 13. Bxe5 dxe5 14. Nf3 Nf6 15. Nxe5 Nxe4 16. O-O Bf5 17. Re1 Rd8 18. f3 Nf6 19. Nxg6+ Kf7 20. Nxh8+ Rxh8 21. Nc3 Rd8 22. Rad1 Rxd1 23. Rxd1 Ke6 24. Kf2 c6 25. Ne2 {1-0 Nowicki,B (1686)-Glebocki,P POL-sf U11 MA+WM 2007 (8.6)}) 11. Qxe7+ Ngxe7 12. Bxh8 Nb4 13. Na3 Nec6 14. O-O d6 15. Bc3 a5 16. Nd4 Bd7 17. Nxc6 Bxc6 18. f3 Kd7 19. Bxb4 axb4 20. Nc2 Bb5 21. Rfe1 c5 22. Ne3 Ra3 23. Nd5 b3 24. axb3 Rxb3 25. Reb1 c4 26. Rxb3 cxb3 27. Rb1 Bc4 28. Nb6+ 1-0

[Event "Olympiad Women 2024"]
[Site "Budapest HUN"]
[Date "2024.09.14"]
[Round "4.62"]
[Board "1"]
[White "Viana, Valeria"]
[Black "Al Aisaee, Anat"]
[Result "1-0"]
[WhiteElo "1882"]
[BlackElo "1608"]
[PlyCount "69"]
[EventDate "2024.09.11"]
[WhiteTeam "Honduras"]
[BlackTeam "Oman"]
[WhiteTeamCountry "HON"]
[BlackTeamCountry "OMN"]

1. e4 c5 2. Nf3 e6 3. c3 d5 4. exd5 Qxd5 5. Na3 Nf6 6. d4 cxd4 7. Nb5 Na6 8. Nbxd4 Be7 9. Bd3 O-O 10. O-O ({RR} 10. Qe2 Nc5 11. Bc2 a6 12. a4 b6 13. O-O Bb7 14. Rd1 Qh5 15. Bf4 Rac8 16. h3 Rfe8 17. Qe1 h6 18. Ne5 g5 19. Bg3 g4 20. hxg4 Nxg4 21. Ndf3 Bd5 22. Nxg4 Qxg4 23. Rd4 Qg7 24. Ne5 f5 {0-1 Ayala Delgado,S (2012)-Rivera,I (2160) 17th American Cont Rapid 2024 (5.28)}) 10... Rd8 $146 ({RR} 10... Nc5 11. Bc2 b6 12. Re1 Bb7 13. Bg5 Rfe8 14. Qe2 Nce4 15. Bh4 Qh5 16. Bxf6 Nxf6 17. Ba4 Rec8 18. Ne5 Qxe2 19. Rxe2 Bc5 20. Bc6 Rab8 21. Bxb7 Rxb7 22. Rd1 b5 23. a3 g6 24. Kf1 a6 25. Ndf3 {½-½ Vallejo Pons,F (2686)-Matnadze,A (2368) Madrid Neoclassical 1st rapid 2015 (2)}) 11. Qe2 Nc5 12. Bc2 b6 13. Rd1 Ba6 14. Qe1 Qh5 15. Nc6 Re8 16. Nxe7+ Rxe7 17. Rd4 Bb7 18. Rh4 Qd5 19. Bg5 Ncd7 20. Bxh7+ Nxh7 21. Bxe7 Re8 22. Rd1 Qc6 23. Bd6 Ng5 24. Qe3 Nxf3+ 25. Qxf3 Qxf3 26. gxf3 Bxf3 27. Rd3 g5 28. Ra4 g4 29. h3 e5 30. hxg4 e4 31. Rd5 Re6 32. Rxa7 Nf6 33. Rg5+ Kh7 34. Rxf7+ Kh6 35. Bf4 1-0

[Event "Olympiad Women 2024"]
[Site "Budapest HUN"]
[Date "2024.09.14"]
[Round "4.62"]
[Board "2"]
[White "Al Balushi, Mariya"]
[Black "Torres Hernandez, Leslie Carolin"]
[Result "0-1"]
[WhiteElo "1561"]
[BlackElo "1891"]
[PlyCount "76"]
[EventDate "2024.09.11"]
[WhiteTeam "Oman"]
[BlackTeam "Honduras"]
[WhiteTeamCountry "OMN"]
[BlackTeamCountry "HON"]

1. e4 e5 2. Nf3 Nc6 3. Bb5 Nf6 4. O-O d6 5. Re1 Be7 6. c3 O-O 7. d4 Bg4 8. h3 Bh5 9. d5 Nb8 10. Nbd2 Nbd7 $146 ({RR} 10... h6 11. Nf1 Bg6 12. Ng3 Nbd7 13. Bd2 Rc8 14. b4 c6 15. dxc6 bxc6 16. Ba6 Rb8 17. Bd3 d5 18. Qc2 dxe4 19. Nxe4 Nxe4 20. Bxe4 Bxe4 21. Qxe4 Qc7 22. Nxe5 Nxe5 23. Qxe5 Bd6 24. Qh5 Rbe8 25. Re2 {1-0 Rohwer,P (2225)-Dias,J (1848) Titled Tue 26th Mar Late 2024 (4)}) ({RR} 10... a6 11. Ba4 b5 12. Bc2 c5 13. dxc6 Nxc6 14. Nf1 b4 15. Bd2 bxc3 16. Bxc3 Na7 17. a4 Nc6 18. Ng3 Bxf3 19. Qxf3 g6 20. Rad1 Rb8 21. h4 Re8 22. h5 Bf8 23. Bd3 Ra8 24. hxg6 hxg6 25. Bc4 {1-0 Oriundo,H-Luque,D Cuzco-ch 1999 (7)}) 11. Nf1 Nc5 12. Ng3 Bg6 13. Nh4 a6 14. Bf1 Rb8 15. Nxg6 fxg6 16. h4 b5 17. h5 gxh5 18. Nxh5 Ncxe4 19. Bd3 Nxf2 20. Nxf6+ Rxf6 21. Bxh7+ Kxh7 22. Qh5+ Kg8 23. Be3 Nd3 24. Rf1 Nf4 25. Bxf4 Rxf4 26. Rxf4 exf4 27. Kf2 Bh4+ 28. Kf1 Qg5 29. Qe2 Qxd5 30. b3 Rf8 31. Rd1 Qf5 32. Qf3 Re8 33. g4 Qe5 34. Rd5 Qe1+ 35. Kg2 Re2+ 36. Kh3 Re3 37. Qxe3 Qxe3+ 38. Kxh4 f3 0-1

[Event "Olympiad Women 2024"]
[Site "Budapest HUN"]
[Date "2024.09.14"]
[Round "4.62"]
[Board "3"]
[White "Oseguera, Suhey"]
[Black "Al Ghafri, Alanoud"]
[Result "0-1"]
[WhiteElo "1590"]
[BlackElo "1546"]
[PlyCount "56"]
[EventDate "2024.09.11"]
[WhiteTeam "Honduras"]
[BlackTeam "Oman"]
[WhiteTeamCountry "HON"]
[BlackTeamCountry "OMN"]

1. e4 e5 2. Nf3 d6 3. Nc3 Nf6 4. d4 exd4 5. Nxd4 c5 6. Nf5 ({RR} 6. Nde2 Nc6 7. h3 Be7 8. g4 a6 9. Bg2 O-O 10. O-O Bd7 11. Ng3 Nd4 12. Be3 Nb5 13. Nce2 Nc7 14. g5 Nfe8 15. f4 g6 16. h4 f6 17. Qd2 Bc6 18. c4 b5 19. b3 Rb8 20. f5 bxc4 {1-0 Bosiocic,M (2433)-Bogner,S (2318) Mitropa Cup 25th 2006 (8.3)}) 6... Bxf5 ({RR} 6... g6 7. e5 Bxf5 8. exf6 Qxf6 9. Nd5 Qd8 10. Bb5+ Nc6 11. O-O {½-½ Dos Santos,R (1656)-Paes,M (2463) Vitoria da Conquista IRT 6th 2016 (21)}) 7. exf5 Be7 $146 ({RR} 7... a6 8. Bg5 Be7 9. Qf3 Nc6 10. Bc4 Nd4 11. Qd3 O-O 12. O-O b5 13. Bd5 Nxd5 14. Nxd5 Bxg5 15. f4 Bf6 16. c3 Nc6 17. Rad1 Ne7 18. Nxf6+ gxf6 19. Rf3 Qd7 20. g4 d5 21. Rh3 c4 22. Qg3 {0-1 Bodor,A-Raba,L HUN-chT4 1112 2011 (8.4)}) 8. Bc4 O-O 9. O-O Nc6 10. Bf4 Nd4 11. Bd3 a6 12. Ne2 Nh5 13. Be3 Nc6 14. c3 Re8 15. Re1 Qc7 16. Nf4 Nf6 17. Qf3 Ne5 18. Qg3 Nxd3 19. Nxd3 Qd7 20. Qf3 Qb5 21. Rad1 c4 22. Nb4 a5 23. Nd5 Nxd5 24. Qxd5 Qxb2 25. Bd4 Qxa2 26. Ra1 Qd2 27. Qxc4 Bf6 28. Qd5 Rxe1+ 0-1

[Event "Olympiad Women 2024"]
[Site "Budapest HUN"]
[Date "2024.09.14"]
[Round "4.62"]
[Board "4"]
[White "Al Bulushi, Rawan"]
[Black "Maradiaga, Cesia"]
[Result "1/2-1/2"]
[WhiteElo "1560"]
[BlackElo "1675"]
[PlyCount "78"]
[EventDate "2024.09.11"]
[WhiteTeam "Oman"]
[BlackTeam "Honduras"]
[WhiteTeamCountry "OMN"]
[BlackTeamCountry "HON"]

1. d4 d5 2. Bf4 c5 3. e3 Nc6 4. Nf3 Nf6 5. Nbd2 Bf5 6. Be2 e6 7. c3 Be7 ({RR} 7... Qb6 8. b3 h6 9. O-O Be7 10. c4 cxd4 11. exd4 O-O 12. c5 Qd8 13. a3 Ne4 14. Rc1 Bf6 15. b4 Nxd4 16. Nxd4 Bxd4 17. Nxe4 dxe4 18. Bd6 e5 19. Bxf8 Qxf8 20. Kh1 Be6 21. Bc4 Bxc4 22. Rxc4 {1-0 Audi,A (2392)-Molina,R (2373) Titled Tue 28th May Early 2024 (10)}) 8. O-O O-O 9. Nh4 $146 ({RR} 9. Ne5 Nxe5 10. Bxe5 Nd7 11. Bg3 a6 12. c4 cxd4 13. exd4 dxc4 14. Nxc4 Rc8 15. Nd6 Bxd6 16. Bxd6 Re8 17. Bf3 Qb6 18. Ba3 Nf6 19. Rc1 Be4 20. Bxe4 Nxe4 21. Qd3 Nf6 22. Qb3 Qxb3 23. axb3 Nd5 {0-1 Bernadskiy,V (2629)-Fedoseev,V (2678) Titled Tuesday intern op 4th Aug 10am blitz 2020 (6)}) ({RR} 9. Ne5 Nxe5 10. Bxe5 Nd7 11. Bg3 Qb6 12. Qb3 c4 13. Qxb6 axb6 14. Rfe1 b5 15. a3 Bg6 16. Bf1 f5 17. Nf3 Bh5 18. Ne5 Nxe5 19. Bxe5 Be8 20. Rac1 Bc6 21. g3 Kf7 22. Bg2 Bf6 23. Bxf6 gxf6 {1-0 Saraci,N (2415)-Eren,A (2306) Titled Arena Mar 6th blitz 2021}) 9... Be4 10. f3 Nh5 11. fxe4 Nxf4 12. exf4 Bxh4 13. dxc5 b6 14. exd5 Qxd5 15. Nb3 Qe4 16. Bd3 Qe3+ 17. Kh1 Bf2 18. Qc2 Qxf4 19. Rxf2 Qh4 20. Rf3 g6 21. Be4 Rac8 22. Bxc6 Rxc6 23. cxb6 axb6 24. Nd4 Qxd4 25. Qxg6+ hxg6 26. cxd4 Rc2 27. Rb3 Rfc8 28. h3 Rd2 29. Rxb6 Rcc2 30. a4 Rxg2 31. a5 Rh2+ 32. Kg1 Rcg2+ 33. Kf1 Rf2+ 34. Kg1 Rhg2+ 35. Kh1 Rg3 36. Ra3 Rgg2 37. a6 Rh2+ 38. Kg1 Rhg2+ 39. Kh1 Rh2+ 1/2-1/2

[Event "Olympiad Women 2024"]
[Site "Budapest HUN"]
[Date "2024.09.14"]
[Round "4.63"]
[Board "1"]
[White "Alazmi, Amani"]
[Black "Ravelomanana, Sabine"]
[Result "0-1"]
[WhiteElo "1673"]
[BlackElo "1926"]
[PlyCount "74"]
[EventDate "2024.09.11"]
[WhiteTeam "Kuwait"]
[BlackTeam "Madagascar"]
[WhiteTeamCountry "KUW"]
[BlackTeamCountry "MAD"]

1. c4 e6 2. e4 c5 3. Nc3 Nc6 4. g3 Nge7 5. Bg2 Ng6 ({RR} 5... Nd4 6. Nge2 Nec6 7. d3 d6 8. O-O g6 9. a3 Bg7 10. Rb1 O-O 11. b4 a6 12. h3 Rb8 13. Be3 b5 14. bxc5 dxc5 15. cxb5 axb5 16. Bxd4 Nxd4 17. Nxd4 Bxd4 18. Nxb5 Ba6 19. a4 Bxb5 20. Rxb5 {0-1 Meijers,V (2496)-Halkias,S (2579) Kavala op 17th 2008 (4)}) ({RR} 5... Qc7 6. Nge2 g6 7. O-O Bg7 8. d3 O-O 9. f4 d6 10. Be3 Nd4 11. Qd2 a6 12. Rab1 Rb8 13. b4 b6 14. bxc5 dxc5 15. e5 Bb7 16. Ne4 Bxe4 17. Bxe4 Rfd8 18. Nc3 Nec6 19. a3 Na7 20. Bxd4 {1-0 Setti,D (1664)-Damasio,F (1296) 10th Floripa Open 2024 (2.151)}) 6. Nge2 Be7 7. O-O h5 $146 ({RR} 7... O-O 8. d4 cxd4 9. Nxd4 d6 10. Be3 Nce5 11. b3 Bd7 12. f4 Nc6 13. Ndb5 Be8 14. Rf2 a6 15. Nd4 Nxd4 16. Bxd4 Qa5 17. Qd3 e5 18. Be3 exf4 19. gxf4 Qh5 20. Nd5 Bh4 21. Rf3 Bc6 22. Raf1 {1-0 Lemaitre,D (1620)-Mauget,J (1830) Gorges op 14th 2004 (3)}) 8. h4 b6 9. d3 Bb7 10. f4 a6 11. f5 Nge5 12. Nf4 Bxh4 13. gxh4 Qxh4 14. Nh3 f6 15. Rf4 Qg3 16. Ne2 Qxd3 17. Qxd3 Nxd3 18. Rf1 e5 19. Rd1 Ndb4 20. Rd2 Nd8 21. a3 Nbc6 22. Rb1 a5 23. b3 Nf7 24. Nc3 Nd4 25. Nd5 Bxd5 26. cxd5 Nd6 27. Kh1 h4 28. Rf2 Kf7 29. Bb2 Rac8 30. Bxd4 cxd4 31. Rbb2 Rc3 32. Kh2 Rhc8 33. Ng1 Re3 34. Rfe2 Rcc3 35. Nf3 h3 36. Bh1 Rxb3 37. Rxe3 Rxb2+ 0-1

[Event "Olympiad Women 2024"]
[Site "Budapest HUN"]
[Date "2024.09.14"]
[Round "4.63"]
[Board "2"]
[White "Raharimanana, Faratiana"]
[Black "Alazemi, Aisha"]
[Result "1-0"]
[WhiteElo "1815"]
[BlackElo "1539"]
[PlyCount "99"]
[EventDate "2024.09.11"]
[WhiteTeam "Madagascar"]
[BlackTeam "Kuwait"]
[WhiteTeamCountry "MAD"]
[BlackTeamCountry "KUW"]

1. d4 d5 2. Nf3 Nc6 3. Bf4 Bf5 4. e3 a6 5. c4 b5 $146 ({RR} 5... Nb4 6. Qa4+ Qd7 7. Qxb4 e5 8. Qxb7 Rd8 9. dxe5 dxc4 10. Nc3 Bc5 11. Bxc4 Ne7 12. Rd1 Qc8 13. Qxc8 Rxc8 14. Bxa6 Rb8 15. Rd2 O-O 16. O-O Be6 17. Nd4 Bd7 18. Bc4 Nc6 19. Nxc6 Bxc6 20. Rfd1 {1-0 Sarantopoulos,P (1240)-Peramatzis,K (1105) West Attica-ch U16 2009 (6)}) ({RR} 5... e6 6. Nc3 Bd6 7. cxd5 Nb4 8. Bxd6 Nc2+ 9. Kd2 Qxd6 10. Rc1 Nb4 11. Qa4+ c6 12. e4 b5 13. Qa3 Qf4+ 14. Kd1 Bg4 15. Qxb4 Bxf3+ 16. gxf3 Qxf3+ 17. Kc2 Qxh1 18. Bxb5 Qxc1+ 19. Kxc1 cxb5 20. Qd6 {1-0 Olsen,F (2424)-Poley,V (2312) Malmo Open 2022 (5.4)}) ({RR} 5... e6 6. Nbd2 Nf6 7. Be2 Bb4 8. Rc1 O-O 9. O-O Bxd2 10. Nxd2 Qd7 11. h3 Bg6 12. Nf3 Ne4 13. Qb3 Rab8 14. Rfd1 f5 15. cxd5 exd5 16. Nh4 Bf7 17. Nf3 Kh8 18. Qa4 Qe7 19. a3 Ra8 20. Qb3 {1-0 Suaza Builes,O (1670)-Bernal Morales,M (1495) 17th American Cont Rapid 2024 (3.141)}) ({RR} 5... Nf6 6. Be2 Nb4 7. Na3 e6 8. c5 Nc6 9. O-O Be7 10. b4 Nxb4 11. Qa4+ Nc6 12. Ne5 O-O 13. Nxc6 bxc6 14. Qxc6 Ne8 15. Bxa6 Bg5 16. Bg3 Bh4 17. Bxh4 Qxh4 18. Qxa8 Nf6 19. Qb7 Ng4 20. h3 {1-0 Raharimanana,F (1815)-Suico,M Olympiad Women 2024 (2.60)}) ({RR} 5... e6 6. Nc3 Bb4 7. Rc1 Nf6 8. Bd3 Bxd3 9. Qxd3 h6 10. O-O Bxc3 11. bxc3 O-O 12. Rb1 b6 13. cxd5 Nxd5 14. Bg3 Ra7 15. e4 Nde7 16. e5 Ng6 17. Rbe1 Nce7 18. Nh4 Nxh4 19. Bxh4 Qd7 20. Bxe7 {1-0 Constantinou,A-Lysandrou,M CYP-ch Cyprus 1992}) 6. cxb5 axb5 7. Bxb5 Bd7 8. Bxc6 Bxc6 9. Qc2 Ra6 10. Ne5 Qa8 11. Nc3 e6 12. O-O Nf6 13. Rfc1 Bd6 14. h3 O-O 15. a3 Rb8 16. Bh2 Be8 17. Nd3 Bxh2+ 18. Kxh2 Qc6 19. b4 Qd6+ 20. Kg1 c6 21. Nc5 Rab6 22. N3a4 Rb5 23. Qc3 Ra8 24. Nb2 Ne4 25. Nxe4 dxe4 26. Nc4 Qe7 27. Nd2 Qh4 28. Nf1 Rg5 29. Ng3 f5 30. Qe1 Bd7 31. Rc5 Rf8 32. Re5 Be8 33. a4 Bh5 34. Nxh5 Rxh5 35. f4 Qe7 36. Rc5 Rf6 37. Rxc6 h6 38. Rac1 Rg6 39. Kh2 Qf6 40. a5 Rxg2+ 41. Kxg2 Rh4 42. a6 Rxh3 43. Kxh3 Qg6 44. Qh4 Qf7 45. Rc7 Qg6 46. a7 Qg4+ 47. Qxg4 fxg4+ 48. Kxg4 h5+ 49. Kxh5 Kh7 50. Kg5 1-0